| 000 -LEADER |
| fixed length control field |
00783nam a22001937a 4500 |
| 005 - DATE AND TIME OF LATEST TRANSACTION |
| control field |
20231208163618.0 |
| 008 - FIXED-LENGTH DATA ELEMENTS--GENERAL INFORMATION |
| fixed length control field |
231208s1973 ru ||||| |||| 00| 0 rus d |
| 041 ## - LANGUAGE CODE |
| Language code of text/sound track or separate title |
rus |
| 080 ## - UNIVERSAL DECIMAL CLASSIFICATION NUMBER |
| Universal Decimal Classification number |
930.1 Б-70 |
| 100 ## - MAIN ENTRY--PERSONAL NAME |
| Personal name |
Блок, Марк |
| 9 (RLIN) |
20635 |
| 245 ## - TITLE STATEMENT |
| Title |
Апология истории, или Ремесло историка / |
| Statement of responsibility, etc. |
Марк Блок. |
| 264 ## - PRODUCTION, PUBLICATION, DISTRIBUTION, MANUFACTURE, AND COPYRIGHT NOTICE |
| Place of production, publication, distribution, manufacture |
Москва : |
| Name of producer, publisher, distributor, manufacturer |
Наука, |
| Date of production, publication, distribution, manufacture, or copyright notice |
1973. |
| 300 ## - PHYSICAL DESCRIPTION |
| Extent |
232 с.; |
| Other physical details |
23 см. |
| 440 ## - SERIES STATEMENT/ADDED ENTRY--TITLE |
| Title |
памятники исторической мысли |
| 9 (RLIN) |
20636 |
| 521 ## - TARGET AUDIENCE NOTE |
| Target audience note |
პარალ სათ.ფრანგ. ენაზე. |
| 653 ## - INDEX TERM--UNCONTROLLED |
| keyword |
ისტორიის აპოლოგია, ანუ ისტორიკოსის ხელობა |
| 653 ## - INDEX TERM--UNCONTROLLED |
| keyword |
ისტორია |
| 942 ## - ADDED ENTRY ELEMENTS (KOHA) |
| Source of classification or shelving scheme |
|
| Koha item type |
წიგნი |